书目信息 |
| 题名: |
电脑故障排除现用现查
|
|
| 作者: | 崔亚量 主编 | |
| 分册: | ||
| 出版信息: | 成都 电子科技大学出版社 2003.10 |
|
| 页数: | 535页 | |
| 开本: | 14cm | |
| 丛书名: | ||
| 单 册: | ||
| 中图分类: | TP306 | |
| 科图分类: | ||
| 主题词: | 电子计算机--故障修复--基本知识 | |
| 电子资源: | ||
| ISBN: | 7-81094-275-1 | |
| 000 | 00835nam 2200253 450 | |
| 001 | 0104000022 | |
| 005 | 20051012111123.1 | |
| 010 | @a7-81094-275-1@dCNY12.00 | |
| 100 | @a20081129d2003 ekmy0chiy0120 ea | |
| 101 | 0 | @achi |
| 102 | @aCN@b510000 | |
| 105 | @ay z 000yy | |
| 106 | @ar | |
| 200 | 1 | @a电脑故障排除现用现查@ADian Nao Gu Zhang Pai Chu Xian Yong Xian Cha@f崔亚量主编@FCui Ya Liang Zhu Bian |
| 210 | @a成都@c电子科技大学出版社@d2003.10 | |
| 215 | @a535页@d14cm | |
| 300 | @a东方卓越 | |
| 330 | @a该书介绍了电脑常见软、硬件故障的现象、分析及处理的方法。书中分为14章,对电脑的每一个部件可能出现的故障都进行了讨论。 | |
| 606 | 0 | @a电子计算机@x故障修复@x基本知识 |
| 690 | @aTP306@v4 | |
| 701 | 0 | @a崔亚量@ACui Ya Liang@4主编 |
| 801 | 0 | @aCN@bHTDF@c20081129 |
| 905 | @aBZT@dTP306@e1@f10 | |
| 906 | @dCNY12.00@n0@r1 | |
| 电脑故障排除现用现查/崔亚量主编.-成都:电子科技大学出版社,2003.10 |
| 535页;14cm |
| 东方卓越 |
| ISBN 7-81094-275-1:CNY12.00 |
| 该书介绍了电脑常见软、硬件故障的现象、分析及处理的方法。书中分为14章,对电脑的每一个部件可能出现的故障都进行了讨论。 |
| ● |
| 相关链接 |
|
|
|
正题名:电脑故障排除现用现查
索取号:TP306/1
 
预约/预借
| 序号 | 登录号 | 条形码 | 馆藏地/架位号 | 状态 | 备注 |
| 1 | 704482 | 2000704482 | 中心书库中库/ 中库028架B面8列1层21/ [索取号:TP306/1] | 在馆 | |
| 2 | 704483 | 2000704483 | 中心书库中库/ 中库028架B面8列1层27/ [索取号:TP306/1] | 在馆 | |
| 3 | 704484 | 2000704484 | 中心书库中库/ 中库028架B面8列1层25/ [索取号:TP306/1] | 在馆 | |
| 4 | 704485 | 2000704485 | 中心书库中库/ 中库028架B面8列1层28/ [索取号:TP306/1] | 在馆 | |
| 5 | 704486 | 2000704486 | 中心书库中库/ 中库028架B面8列1层26/ [索取号:TP306/1] | 在馆 | |
| 6 | 704487 | 2000704487 | 中心书库中库/ 中库028架B面8列1层24/ [索取号:TP306/1] | 在馆 | |
| 7 | 704488 | 2000704488 | 中心书库中库/ 中库028架B面8列1层20/ [索取号:TP306/1] | 在馆 | |
| 8 | 704489 | 2000704489 | 中心书库中库/ 中库028架B面8列1层29/ [索取号:TP306/1] | 在馆 | |
| 9 | 704490 | 2000704490 | 中心书库中库/ 中库028架B面8列1层23/ [索取号:TP306/1] | 在馆 | |
| 10 | 704491 | 2000704491 | 中心书库中库/ 中库028架B面8列1层22/ [索取号:TP306/1] | 在馆 |